Man Ray: Retratos
Uloženo v:
| Hlavní autor: | |
|---|---|
| Další autoři: | |
| Médium: | Kniha |
| Vydáno: |
Barcelona, España:
Blume,
2013.
|
| Vydání: | Primera edición en español. |
| Témata: | |
| Tagy: |
Přidat tag
Žádné tagy, Buďte první, kdo vytvoří štítek k tomuto záznamu!
|
MARC
| LEADER | 00000nam a22000007a 4500 | ||
|---|---|---|---|
| 003 | CL-VaPUC | ||
| 005 | 20250407202443.0 | ||
| 008 | 250312t2013 ||||| |||| 00| 0 eng d | ||
| 999 | |c 447271 |d 447269 | ||
| 020 | |a 978-84-9801-684-0 | ||
| 040 | |c Pontificia Universidad Católica de Valparaíso | ||
| 082 | 7 | |2 23 |a 779.2092 RAY 2013 | |
| 100 | |a Pepper, Terence |e autor |9 862114 | ||
| 245 | |a Man Ray: |b Retratos | ||
| 250 | |a Primera edición en español. | ||
| 260 | |a Barcelona, España: |b Blume, |c 2013. | ||
| 300 | |a 224 páginas : |b ilustraciones. | ||
| 500 | |a c.1. Instituto Arcos 8-1-2025. | ||
| 583 | |c 20250122 |k GC | ||
| 600 | |a Man, Ray |d 1890-1976 |x Retratos |9 896674 | ||
| 650 | 0 | |a Fotografía de retrato |9 862302 | |
| 650 | |a Fotografía artística |x Exposiciones |9 862213 | ||
| 700 | |a Warner, Marina |e introducción |9 896675 | ||
| 942 | |2 ddc |c BK |n 0 | ||
| 952 | |0 0 |1 0 |2 ddc |4 0 |6 779_209200000000000_RAY_2013 |7 0 |8 A |9 601039 |a BIBINC |b BIBINC |d 2025-03-12 |e Instituto Arcos |i 5665906 |o 779.2092 RAY 2013 |p 5665906 |r 2025-03-12 |t 1 |w 2025-03-12 |y BK |k IFP | ||